[Event "Benasque op"]
[Site "?"]
[Date "1998.??.??"]
[Round "?"]
[White "Brull Mayol Cosme"]
[Black "Kuzmin Alexey"]
[Result "0-1"]
[WhiteElo "2335"]
[BlackElo "2545"]
[PlyCount "134"]
[EventDate "1998.??.??"]
[Source "www.chesslib.no"]
[SourceDate "2004.05.04"]

1. f4 d5 2. Nf3 Nf6 3. e3 c5 4. d4 Bf5 5. Bd3 Bxd3 6. Qxd3 Nbd7 7. Nbd2 e6 8. O-O Qb6 9. c3 Be7 10. Ne5 O-O 11. Rf3 Rad8 12. Rh3 g6 13. Ndf3 Ne4 14. Nxd7 Rxd7 15. Ne5 Rc7 16. Qe2 f6 17. Ng4 f5 18. Ne5 Bd6 19. Nf3 Qc6 20. Bd2 a6 21. a4 c4 22. a5 Rg7 23. Be1 Qb5 24. Bh4 Bc7 25. Bg5 Rc8 26. Bh6 Re7 27. Ng5 Bxa5 28. Nxe4 dxe4 29. Bg5 Rf7 30. Rg3 Bc7 31. Bh6 Bd8 32. Bg5 Bxg5 33. Rxg5 Rg7 34. Qc2 h6 35. Rg3 g5 36. fxg5 hxg5 37. Qe2 g4 38. h3 Kf7 39. hxg4 Rcg8 40. Rf1 Ke7 41. g5 Rxg5 42. Rxg5 Rxg5 43. Qf2 Rg4 44. g3 Kd7 45. Kg2 Kc7 46. Rd1 Qd5 47. Rh1 Qd6 48. Rh4 Rg7 49. Rf4 Kb8 50. Qf1 Rc7 51. Qh1 Rc6 52. Qh5 Rb6 53. Rf2 Ka7 54. Qe2 Qd5 55. g4 fxg4 56. Qxg4 Rb5 57. Qg6 Qg5+ 58. Qxg5 Rxg5+ 59. Kf1 Rf5 60. Ke2 Rxf2+ 61. Kxf2 Kb6 62. Kg3 Kc6 63. Kf4 Kd5 64. Kg3 b5 65. Kf2 a5 66. Ke2 b4 67. cxb4 axb4 0-1

[Event "Frydek-Mistek op-A"]
[Site "?"]
[Date "1997.??.??"]
[Round "7"]
[White "Chernyshov Konstantin"]
[Black "Jirovsky Pavel"]
[Result "1/2-1/2"]
[WhiteElo "2450"]
[BlackElo "2360"]
[PlyCount "109"]
[EventDate "1997.??.??"]
[Source "www.chesslib.no"]
[SourceDate "2004.05.04"]

1. f4 d5 2. Nf3 Nf6 3. e3 c5 4. b3 Nc6 5. Bb5 Qb6 6. a4 g6 7. Nc3 Bg7 8. Ne5 O-O 9. Bxc6 bxc6 10. Ba3 a5 11. d4 cxd4 12. exd4 Re8 13. Bc5 Qc7 14. O-O Bf5 15. Qd2 Ne4 16. Nxe4 Bxe4 17. Rae1 f6 18. Ng4 Bf5 19. Ne3 Be4 20. h3 e6 21. Ng4 Bf5 22. Qf2 h5 23. Ne3 Bf8 24. Nxf5 exf5 25. Qg3 Kf7 26. Rxe8 Rxe8 27. Bxf8 Rxf8 28. Re1 g5 29. Qf3 g4 30. Qe3 Kg6 31. h4 Rc8 32. c4 dxc4 33. bxc4 Qd6 34. Rd1 Rd8 35. d5 Qb4 36. d6 Qxa4 37. Qd4 Qb4 38. Qe3 a4 39. Qe7 Qb6+ 40. Kh2 Ra8 41. d7 Qd8 42. Qd6 a3 43. Qxc6 a2 44. c5 Qb8 45. Qd5 g3+ 46. Kh3 Qxf4 47. Qf3 Qxf3 48. gxf3 f4 49. c6 Rb8 50. Kg2 Kg7 51. c7 Rb2+ 52. Kf1 Rb1 53. d8=Q a1=Q 54. Qg8+ Kh6 55. Qh8+ 1/2-1/2

[Event "Corr"]
[Site "?"]
[Date "2001.12.15"]
[Round "?"]
[White "Braakhuis Wilfried FR"]
[Black "Bonatti Walter Fabian"]
[Result "1/2-1/2"]
[WhiteElo "2322"]
[BlackElo "2474"]
[PlyCount "97"]
[EventDate "2001.??.??"]
[Source "www.chesslib.no"]
[SourceDate "2004.05.04"]

1. f4 d5 2. Nf3 Nf6 3. e3 c5 4. Bb5+ Bd7 5. Qe2 g6 6. b3 Bg7 7. Bb2 O-O 8. Bxd7 Qxd7 9. O-O Nc6 10. Ne5 Qc7 11. c4 a6 12. Nxc6 Qxc6 13. d3 b5 14. Nd2 e6 15. Rac1 Rfd8 16. g4 dxc4 17. bxc4 Qd7 18. Bxf6 Bxf6 19. Ne4 Be7 20. Rfd1 f5 21. gxf5 exf5 22. Nc3 Qe6 23. Nd5 Rab8 24. Rb1 Bf6 25. Qf3 Bg7 26. Kf2 Qd6 27. h4 bxc4 28. dxc4 Rxb1 29. Rxb1 Rb8 30. Qh1 Qd8 31. Kg3 Kf7 32. h5 Qd6 33. a4 Qd8 34. hxg6+ hxg6 35. e4 fxe4 36. Qxe4 Bf8 37. a5 Rxb1 38. Qxb1 Qd6 39. Qb7+ Kg8 40. Kf3 Qe6 41. Kf2 Bg7 42. Qb8+ Bf8 43. Qd8 Qh3 44. Ne3 Kf7 45. Qb6 Qh2+ 46. Kf3 Qh3+ 47. Ke4 Qc8 48. Qa7+ Be7 49. Nd5 1/2-1/2

[Event "Eger Open"]
[Site "Eger"]
[Date "1989.??.??"]
[Round "?"]
[White "Buecker, Stefan"]
[Black "Feher, Gyula"]
[Result "1-0"]
[WhiteElo "2335"]
[BlackElo "2410"]
[PlyCount "123"]
[EventDate "1989.??.??"]
[Source "www.chesslib.no"]
[SourceDate "2004.05.04"]

1. f4 d5 2. Nf3 Nf6 3. e3 c5 4. b3 g6 5. Bb2 Bg7 6. Be2 O-O 7. O-O Nc6 8. Ne5 Bd7 9. Bf3 Rc8 10. Nc3 e6 11. d4 Qa5 12. Qd2 Rfd8 13. Rad1 cxd4 14. exd4 Be8 15. g4 Bf8 16. g5 Nxe5 17. fxe5 Nd7 18. Nxd5 Qxd2 19. Rxd2 exd5 20. Bxd5 Rc7 21. c4 Nb6 22. Be4 Bg7 23. Rdf2 Re7 24. Bc2 Bc6 25. a4 Be8 26. a5 Nd7 27. Re2 Nb8 28. d5 Bd7 29. Rfe1 Bg4 30. Re3 Nd7 31. Kf2 Rde8 32. Kg3 Bf5 33. Bxf5 gxf5 34. Kf4 b6 35. axb6 axb6 36. Kxf5 Nf8 37. h4 Ra7 38. h5 Ra2 39. R1e2 Nd7 40. Bd4 Rxe2 41. Rxe2 Ra8 42. g6 hxg6+ 43. hxg6 fxg6+ 44. Ke6 Ra7 45. d6 Kf8 46. b4 Ke8 47. Kd5 Ra4 48. e6 Bxd4 49. Kxd4 Ra1 50. Kd5 Rd1+ 51. Kc6 Nb8+ 52. Kb7 Rxd6 53. Kxb8 Ke7 54. Kb7 g5 55. Re4 g4 56. Rxg4 Rxe6 57. Rd4 Ke8 58. Kc7 Ke7 59. Rd7+ Ke8 60. Rd6 Re4 61. Rc6 b5 62. cxb5 1-0

[Event "NOR Ch"]
[Site "Randaberg"]
[Date "1989.??.??"]
[Round "?"]
[White "Jansson, Joran"]
[Black "Hoen, Ragnar H"]
[Result "1/2-1/2"]
[WhiteElo "2340"]
[BlackElo "2330"]
[PlyCount "115"]
[EventDate "1989.??.??"]
[Source "www.chesslib.no"]
[SourceDate "2004.05.04"]

1. f4 d5 2. Nf3 Nf6 3. e3 c5 4. b3 Nc6 5. Be2 g6 6. O-O Bg7 7. Bb2 O-O 8. h3 d4 9. Bb5 Bd7 10. Qe1 a6 11. Bxc6 Bxc6 12. Ne5 Rc8 13. Nxc6 Rxc6 14. a4 Qd5 15. a5 Re6 16. Na3 dxe3 17. dxe3 Qe4 18. Rf3 Rd8 19. Rd1 Rd5 20. Bxf6 Bxf6 21. Rxd5 Qxd5 22. Nc4 Bg7 23. Qd2 Qxd2 24. Nxd2 Rd6 25. Nc4 Rd5 26. Rf1 f5 27. Kf2 Kf7 28. Ke2 e5 29. fxe5 Ke6 30. Nd6 Rxe5 31. Nxb7 Bh6 32. Rd1 Rxe3+ 33. Kf1 Rc3 34. Rd6+ Ke5 35. Rxa6 Rxc2 36. Rc6 Be3 37. a6 Ra2 38. Rb6 c4 39. Rb5+ Kf4 40. bxc4 Rxa6 41. Na5 Rd6 42. Rd5 Re6 43. Nb3 Ra6 44. Ra5 Rc6 45. c5 Kg3 46. Ra3 Kh2 47. Ra2 f4 48. Rc2 h5 49. Rc3 g5 50. Rc4 f3 51. gxf3 Kxh3 52. Ke2 Bg1 53. Kf1 Be3 54. Ke2 Bg1 55. Kf1 Be3 56. Rc3 Bf4 57. Rc4 Kg3 58. Rc3 1/2-1/2

[Event "Ch Pfalz"]
[Site "Pfalz GER"]
[Date "1987.??.??"]
[Round "5"]
[White "Becker, Marc"]
[Black "Bukal, Vladimir jr"]
[Result "0-1"]
[WhiteElo "2405"]
[BlackElo "2265"]
[PlyCount "96"]
[EventDate "1987.??.??"]
[Source "www.chesslib.no"]
[SourceDate "2004.05.04"]

1. f4 d5 2. Nf3 Nf6 3. e3 c5 4. b3 g6 5. Bb2 Bg7 6. Bb5+ Bd7 7. Qe2 O-O 8. O-O Bg4 9. h3 Bxf3 10. Qxf3 a6 11. Be2 Nc6 12. d3 Nb4 13. Rc1 Rc8 14. a3 Nc6 15. Nd2 Ne4 16. Bxg7 Nxd2 17. Qf2 Kxg7 18. Bd1 Qa5 19. b4 cxb4 20. Qxd2 bxa3 21. Qxa5 Nxa5 22. Rxa3 b6 23. Rb1 Rc6 24. Bf3 Rd6 25. Rc3 Rb8 26. e4 e6 27. Rc7 Rc6 28. Ra7 dxe4 29. Bxe4 Rxc2 30. Rxa6 Nc6 31. d4 Rc4 32. Rbxb6 Rxb6 33. Rxb6 Nxd4 34. Bd3 Rc3 35. Ba6 Nf5 36. Rb2 h5 37. g4 hxg4 38. hxg4 Ne3 39. Be2 Nd5 40. f5 exf5 41. gxf5 g5 42. Kf2 Kf6 43. Rb7 Rc7 44. Rb5 Nc3 45. Rb6+ Kxf5 46. Bd3+ Ke5 47. Ra6 Rc5 48. Ra7 f5 0-1

[Event "Biel Open women"]
[Site "Biel SUI"]
[Date "1991.??.??"]
[Round "9"]
[White "Markovic, Gordana"]
[Black "Gurieli, Nino"]
[Result "1/2-1/2"]
[WhiteElo "2275"]
[BlackElo "2365"]
[PlyCount "111"]
[EventDate "1991.07.??"]
[Source "www.chesslib.no"]
[SourceDate "2004.05.04"]

1. f4 d5 2. Nf3 Nf6 3. e3 c5 4. d4 cxd4 5. exd4 Nc6 6. c3 Bf5 7. Be2 e6 8. O-O Ne4 9. Nbd2 Bd6 10. Nxe4 Bxe4 11. Bd3 Bxd3 12. Qxd3 Ne7 13. Bd2 Qc7 14. Ne5 O-O 15. Qh3 b5 16. Rae1 a5 17. g4 Nc6 18. Nd3 b4 19. f5 bxc3 20. bxc3 exf5 21. Rxf5 g6 22. Rxd5 Rfe8 23. Rb5 Rxe1+ 24. Bxe1 Re8 25. Rb2 Re4 26. Qf3 Qe7 27. Bf2 Qe6 28. h3 Qd5 29. Kg2 f5 30. g5 Nd8 31. Bg3 Bxg3 32. Kxg3 Ne6 33. h4 Qd6+ 34. Ne5 Re3 35. Qxe3 f4+ 36. Qxf4 Nxf4 37. Kxf4 a4 38. Ke4 h6 39. c4 hxg5 40. hxg5 Qd8 41. c5 Qxg5 42. c6 Qc1 43. Rb8+ Kg7 44. Rb7+ Kh6 45. Kd5 Qd2 46. Rd7 Qxa2+ 47. Kd6 Qa3+ 48. Ke6 Qh3+ 49. Ke7 a3 50. c7 Qc3 51. Kf6 a2 52. Rd8 Kh7 53. Rd7+ Kh6 54. Rd8 Kh7 55. Rd7+ Kh6 56. Rd8 1/2-1/2

[Event "Moscow ol (Men)"]
[Site "Moscow"]
[Date "1994.??.??"]
[Round "2"]
[White "Gonzalez, Bernal M"]
[Black "Jooty, A."]
[Result "1-0"]
[WhiteElo "2375"]
[BlackElo "2205"]
[PlyCount "117"]
[EventDate "1994.11.??"]
[Source "ChessBase"]

1. f4 d5 2. Nf3 Nf6 3. e3 c5 4. b3 g6 5. Bb2 Bg7 6. Be2 Nc6 7. O-O O-O 8. Qe1 e6 9. d3 Ng4 10. Bxg7 Kxg7 11. Bd1 Qf6 12. c3 b6 13. Ng5 Nh6 14. Qh4 Rh8 15. Bc2 Nf5 16. Qf2 d4 17. e4 Ne3 18. Rc1 h6 19. Nh3 Ba6 20. Na3 Nxc2 21. Qxc2 dxc3 22. Qxc3 Qxc3 23. Rxc3 Rhd8 24. Nc4 Rd4 25. Kf2 Rad8 26. Ke3 Bxc4 27. bxc4 Nb4 28. Nf2 g5 29. g3 Kg6 30. a3 Nc6 31. Rb1 f6 32. a4 R8d7 33. Rb5 h5 34. Rb1 g4 35. Ke2 Kh6 36. Nd1 Nb4 37. Rbb3 Na2 38. Rc2 Nb4 39. Rcc3 Na2 40. Rc2 Nb4 41. Rd2 a5 42. Ne3 Rd8 43. Rd1 R8d7 44. f5 e5 45. Nd5 Rd6 46. Nc7 Rc6 47. Nd5 Rd6 48. Ke3 Nc2+ 49. Kd2 Nb4 50. Ke2 Rc6 51. Rh1 Kg5 52. h3 gxh3 53. Rxh3 Kg4 54. Rh4+ Kg5 55. Rb1 Nxd5 56. cxd5 Rd6 57. Rbh1 Rd8 58. Rxh5+ Kg4 59. Kf2 1-0

[Event "Landesliga S Bayern 9596"]
[Site "GER"]
[Date "1995.??.??"]
[Round "?"]
[White "Kuenzner, Franz"]
[Black "Deglmann, Ludwig"]
[Result "1-0"]
[WhiteElo "2315"]
[BlackElo "2245"]
[PlyCount "87"]
[EventDate "1995.10.??"]
[Source "www.chesslib.no"]
[SourceDate "2004.05.04"]

1. f4 d5 2. Nf3 Nf6 3. e3 c5 4. d4 g6 5. c3 Bg7 6. Be2 O-O 7. O-O b6 8. Ne5 Bb7 9. Nd2 Nbd7 10. g4 Ne8 11. Nd3 Nd6 12. Qe1 Qe8 13. Nf3 f6 14. g5 Ne4 15. Nf2 Nxf2 16. Rxf2 f5 17. h4 a5 18. Bd2 Ba6 19. Rh2 Bxe2 20. Qxe2 c4 21. h5 Rf7 22. Qg2 e6 23. Qh3 Nf8 24. h6 Bh8 25. b3 b5 26. bxc4 bxc4 27. Bc1 Rb7 28. Rb2 Rab8 29. Rxb7 Rxb7 30. Qg2 Qa4 31. Qd2 Nd7 32. Ne1 Kf7 33. Qc2 Qxc2 34. Nxc2 Ke7 35. Ba3+ Kd8 36. Kf1 Kc7 37. Ke2 Nb8 38. Kd2 Nc6 39. Kc1 Rb5 40. Rb1 Kb6 41. Bc5+ Ka6 42. Na3 Rxb1+ 43. Kxb1 Nb8 44. Bf8 1-0

[Event "4th Open C Women"]
[Site "Moscow RUS"]
[Date "2008.02.05"]
[Round "4"]
[White "Grabuzova, T."]
[Black "Suslova, A."]
[Result "0-1"]
[WhiteElo "2392"]
[BlackElo "2165"]
[PlyCount "64"]
[EventDate "2008.02.02"]
[Source "www.chesslib.no"]
[SourceDate "2004.05.04"]

1. f4 d5 2. Nf3 Nf6 3. e3 c5 4. b3 g6 5. Bb2 Bg7 6. g3 O-O 7. Bg2 Nc6 8. Ne5 Nxe5 9. Bxe5 Bg4 10. Qc1 Qd7 11. h3 Bf5 12. d3 a5 13. Nd2 Rac8 14. Nf3 Rfd8 15. Qd2 c4 16. Nd4 cxd3 17. cxd3 b6 18. Ke2 Ne8 19. Bxg7 Nxg7 20. Qb2 f6 21. Kd2 Qd6 22. Rhc1 e5 23. Nxf5 Nxf5 24. Rxc8 Rxc8 25. Rc1 Rd8 26. Qc2 d4 27. Qc4+ Kf8 28. Be4 dxe3+ 29. Ke2 Nxg3+ 30. Kxe3 exf4+ 31. Kf3 f5 32. Bc6 Qxd3+ 0-1

[Event "SVK-chT3a 9697"]
[Site "?"]
[Date "1997.??.??"]
[Round "2"]
[White "Kujovic Michal"]
[Black "Mikulas Dusan"]
[Result "1-0"]
[WhiteElo "2225"]
[BlackElo "2315"]
[PlyCount "73"]
[EventDate "1997.??.??"]
[Source "www.chesslib.no"]
[SourceDate "2004.05.04"]

1. f4 d5 2. Nf3 Nf6 3. e3 c5 4. b3 g6 5. Nc3 Bg7 6. Bb2 O-O 7. Be2 Ne4 8. O-O Nxc3 9. Bxc3 Bxc3 10. dxc3 Bg4 11. c4 dxc4 12. Bxc4 Qxd1 13. Raxd1 Nc6 14. Rd2 Bxf3 15. gxf3 Rad8 16. Rfd1 Rxd2 17. Rxd2 Rd8 18. Rxd8+ Nxd8 19. Kf2 Kg7 20. e4 f6 21. Ke3 e5 22. Bd5 b6 23. h4 Nf7 24. fxe5 Nxe5 25. f4 Nf7 26. Kf3 Kf8 27. c3 Ke7 28. b4 cxb4 29. cxb4 a5 30. bxa5 bxa5 31. Ke3 h6 32. Kd4 g5 33. fxg5 fxg5 34. Bxf7 Kxf7 35. hxg5 h5 36. e5 h4 37. Ke3 1-0

[Event "ARG-chT"]
[Site "?"]
[Date "1997.??.??"]
[Round "2"]
[White "Villalba Hugo"]
[Black "Moreda Lucas"]
[Result "1-0"]
[WhiteElo "2220"]
[BlackElo "2275"]
[PlyCount "49"]
[EventDate "1997.??.??"]
[Source "www.chesslib.no"]
[SourceDate "2004.05.04"]

1. f4 d5 2. Nf3 Nf6 3. e3 c5 4. Bb5+ Bd7 5. Be2 Nc6 6. O-O Qc7 7. d4 Ne4 8. c3 g5 9. Ne5 Nxe5 10. fxe5 f5 11. Bh5+ Kd8 12. Nd2 e6 13. Nxe4 dxe4 14. g4 Be7 15. gxf5 exf5 16. Bf7 Qb6 17. d5 Qh6 18. d6 Bf8 19. Qd5 Bc6 20. Qxc5 Qh3 21. e6 Qg4+ 22. Kh1 f4 23. Qe5 f3 24. e7+ Kd7 25. exf8=N+ 1-0

[Event "AUT-chT2O 9697"]
[Site "Austria"]
[Date "1997.??.??"]
[Round "?"]
[White "Braun, Walter"]
[Black "Wukits, Rene"]
[Result "0-1"]
[WhiteElo "2255"]
[BlackElo "2225"]
[PlyCount "69"]
[EventDate "1996.??.??"]
[Source "www.chesslib.no"]
[SourceDate "2004.05.04"]

1. f4 d5 2. Nf3 Nf6 3. e3 c5 4. b3 Bg4 5. Bb2 a6 6. Be2 Bxf3 7. Bxf3 Nc6 8. O-O e6 9. c4 Be7 10. cxd5 exd5 11. Nc3 O-O 12. Ne2 Re8 13. Ng3 Qd7 14. a3 b5 15. d3 Rab8 16. Rc1 Qe6 17. Re1 Red8 18. e4 d4 19. e5 Ne8 20. f5 Qc8 21. b4 Qc7 22. f6 Bf8 23. Bxc6 Qxc6 24. Nf5 Qe6 25. Qg4 Kh8 26. Qf3 cxb4 27. fxg7+ Nxg7 28. Nxg7 Bxg7 29. axb4 Rd5 30. Rc7 Rxe5 31. Rxe5 Qxe5 32. Rxf7 Qe1+ 33. Qf1 Re8 34. Rc7 Qxf1+ 35. Kxf1 0-1

[Event "Jch-RUS g20"]
[Site "?"]
[Date "2003.03.12"]
[Round "10"]
[White "Kovanova Baira"]
[Black "Ivkina Olga"]
[Result "1/2-1/2"]
[WhiteElo "2215"]
[BlackElo "2249"]
[PlyCount "133"]
[EventDate "2003.??.??"]
[Source "www.chesslib.no"]
[SourceDate "2004.05.04"]

1. f4 d5 2. Nf3 Nf6 3. e3 c5 4. d4 Nc6 5. c3 Qc7 6. Bd3 Bg4 7. Nbd2 cxd4 8. cxd4 e6 9. a3 Be7 10. O-O O-O 11. b4 Bd6 12. h3 Bf5 13. Bxf5 exf5 14. Ne5 Qb6 15. Nb3 Rfc8 16. Qd3 Ne4 17. Bd2 Qd8 18. Rac1 Ne7 19. Nc5 Rc7 20. Nxe4 fxe4 21. Qb5 a6 22. Qe2 Rac8 23. Qh5 g6 24. Qg5 Rxc1 25. Bxc1 Nf5 26. Qxd8+ Rxd8 27. Bd2 h5 28. Kf2 Ne7 29. g4 f6 30. gxh5 gxh5 31. Rg1+ Kf8 32. Ng6+ Nxg6 33. Rxg6 Kf7 34. Rh6 Kg7 35. Rxh5 Be7 36. f5 Rc8 37. Rh4 Rc2 38. Rg4+ Kf7 39. Ke2 Ra2 40. Rg1 a5 41. bxa5 Bd8 42. Rd1 Bxa5 43. a4 Kg7 44. Ke1 Rxd2 45. Rxd2 Kh6 46. Ke2 Bxd2 47. Kxd2 Kg5 48. a5 Kh4 49. Kc3 Kxh3 50. Kb4 Kg4 51. Kc5 Kf3 52. Kxd5 Kxe3 53. Kc5 Kf4 54. d5 e3 55. d6 e2 56. d7 e1=Q 57. d8=Q Qc3+ 58. Kb6 Qc6+ 59. Ka7 Kxf5 60. Qd3+ Ke5 61. Qe2+ Kd5 62. Qb2 Qa6+ 63. Kb8 Qxa5 64. Qxf6 b6 65. Kb7 b5 66. Qf5+ Kc4 67. Qe4+ 1/2-1/2

[Event "Ch Spain (juniors)"]
[Site "Los Barrios ESP"]
[Date "1995.??.??"]
[Round "8"]
[White "Timon Piote Vicente"]
[Black "Medina Sergio"]
[Result "1/2-1/2"]
[WhiteElo "2186"]
[BlackElo "2243"]
[PlyCount "62"]
[EventDate "1995.??.??"]
[Source "www.chesslib.no"]
[SourceDate "2004.05.04"]

1. f4 d5 2. Nf3 Nf6 3. e3 c5 4. d4 g6 5. c3 Bg7 6. Be2 O-O 7. O-O b6 8. Ne5 Ba6 9. Nd2 Bxe2 10. Qxe2 e6 11. g4 Nbd7 12. g5 Nh5 13. Qg4 Qe7 14. Ndf3 b5 15. Bd2 Nb6 16. Rae1 a5 17. e4 dxe4 18. Rxe4 f5 19. gxf6 Nxf6 20. Nc6 Qf7 21. Qxe6 Nxe4 22. Qxe4 Rfe8 23. Nce5 cxd4 24. Qxa8 Rxa8 25. Nxf7 dxc3 26. Bxc3 Bxc3 27. Nh6+ Kg7 28. bxc3 Kxh6 29. Ng5 Nd5 30. Rf3 Nf6 31. Re3 Ra7 1/2-1/2

[Event "Debrecen DEAC op"]
[Site "?"]
[Date "2002.10.19"]
[Round "5.7"]
[White "Mihut Ioan"]
[Black "Szava Miklos"]
[Result "1-0"]
[WhiteElo "2222"]
[BlackElo "2165"]
[PlyCount "91"]
[EventDate "2002.??.??"]
[Source "www.chesslib.no"]
[SourceDate "2004.05.04"]

1. f4 d5 2. Nf3 Nf6 3. e3 c5 4. d4 cxd4 5. exd4 e6 6. Bd3 Be7 7. Qe2 Nc6 8. c3 Bd7 9. Ne5 Qc7 10. O-O O-O 11. Rf3 Nxd4 12. cxd4 Qxc1+ 13. Rf1 Qc7 14. Nd2 Qb6 15. Ndf3 Bc6 16. Rac1 Rac8 17. g4 Bd6 18. h3 Bxe5 19. fxe5 Ne4 20. Kg2 f6 21. b3 f5 22. Qe3 f4 23. Qe1 Ng3 24. Rf2 Bb5 25. Rxc8 Rxc8 26. Qb1 Bxd3 27. Qxd3 Ne4 28. Rc2 Rxc2+ 29. Qxc2 Qd8 30. h4 h6 31. h5 Ng5 32. Qg6 Ne4 33. Qxe6+ Kf8 34. Qf5+ Ke7 35. Nh4 Qa5 36. Ng6+ Kd8 37. Qf8+ Kc7 38. Qe7+ Kc6 39. Qe6+ Kc7 40. Qf7+ Kc6 41. Ne7+ Kb6 42. Nxd5+ Ka6 43. Nc7+ Kb6 44. Na8+ Kc6 45. Qe6+ Kb5 46. Qc4# 1-0

[Event "Wattens op 15th"]
[Site "?"]
[Date "2000.08.29"]
[Round "4"]
[White "Messner Andreas"]
[Black "Riha Alexander"]
[Result "1/2-1/2"]
[WhiteElo "2207"]
[BlackElo "2103"]
[PlyCount "32"]
[EventDate "2000.??.??"]
[Source "www.chesslib.no"]
[SourceDate "2004.05.04"]

1. f4 d5 2. Nf3 Nf6 3. e3 c5 4. b3 g6 5. Bb2 Bg7 6. Bb5+ Nc6 7. Ne5 Qc7 8. Nxc6 bxc6 9. Be2 O-O 10. O-O Rd8 11. d3 h5 12. Nd2 Ng4 13. Bxg7 Nxe3 14. Be5 Qa5 15. Nc4 dxc4 16. Qe1 Qxe1 1/2-1/2

[Event "Plancoet (4em open)"]
[Site "?"]
[Date "2004.07.31"]
[Round "8.6"]
[White "Capitaine Adrien"]
[Black "Jolly Jean Francois"]
[Result "1/2-1/2"]
[WhiteElo "2172"]
[BlackElo "2117"]
[PlyCount "29"]
[EventDate "2004.??.??"]
[Source "www.chesslib.no"]
[SourceDate "2004.05.04"]

1. f4 d5 2. Nf3 Nf6 3. e3 c5 4. d3 Nc6 5. Be2 g6 6. O-O Bg7 7. c3 O-O 8. Qe1 Qc7 9. d4 c4 10. b3 cxb3 11. axb3 Na5 12. Ra3 Bf5 13. Bd2 b6 14. c4 Nb7 15. Nc3 1/2-1/2

[Event "Slovakia"]
[Site "?"]
[Date "2002.??.??"]
[Round "3.7"]
[White "Vass Frantisek"]
[Black "Prievalsky Juraj"]
[Result "1-0"]
[WhiteElo "2192"]
[BlackElo "2029"]
[PlyCount "81"]
[EventDate "2002.??.??"]
[Source "www.chesslib.no"]
[SourceDate "2004.05.04"]

1. f4 d5 2. Nf3 Nf6 3. e3 c5 4. b3 Nc6 5. Bb5 g6 6. Bb2 Bg7 7. O-O O-O 8. Bxc6 bxc6 9. Qe1 Ba6 10. d3 c4 11. Ne5 cxd3 12. cxd3 c5 13. Nd2 Rc8 14. Qc1 Ne8 15. Qc2 Nd6 16. Rac1 f6 17. Nef3 Qa5 18. Rfe1 Qb5 19. e4 e6 20. e5 fxe5 21. fxe5 Nf5 22. Ba3 Qxd3 23. Qxd3 Bxd3 24. Bxc5 Rf7 25. Ng5 Bh6 26. Ndf3 Rb7 27. Rc3 Ng7 28. Rec1 Rbc7 29. h4 a6 30. b4 Bb5 31. R1c2 Ba4 32. Rf2 Bd7 33. g4 Bb5 34. Nh3 Ne8 35. Nd4 Bd7 36. Rcf3 Rxc5 37. bxc5 Rxc5 38. Ng5 Rc4 39. Ndxe6 Rxg4+ 40. Kh2 Bxe6 41. Nxe6 1-0

[Event "Saarlouis (27.05.-04.06)"]
[Site "?"]
[Date "2000.05.28"]
[Round "3"]
[White "Mueller Dieter[58Koeln"]
[Black "Van Eck Ted"]
[Result "1/2-1/2"]
[WhiteElo "2207"]
[BlackElo "1976"]
[PlyCount "114"]
[EventDate "2000.??.??"]
[Source "www.chesslib.no"]
[SourceDate "2004.05.04"]

1. f4 d5 2. Nf3 Nf6 3. e3 c5 4. Bb5+ Nbd7 5. b3 a6 6. Bxd7+ Bxd7 7. Bb2 g6 8. O-O Bg7 9. Qe1 O-O 10. d3 Rc8 11. Nbd2 b5 12. c4 bxc4 13. dxc4 dxc4 14. Nxc4 Bb5 15. Nfe5 Nd7 16. Rd1 Qc7 17. Nxd7 Bxd7 18. Bxg7 Kxg7 19. Qc3+ f6 20. Rxd7 Qxd7 21. Nb6 Qb5 22. Nxc8 Rxc8 23. Rc1 Qe2 24. Rc2 Qb5 25. Kf2 Rd8 26. Ke1 Rc8 27. Qc4 Qa5+ 28. Ke2 Qb5 29. Kf2 Qb7 30. b4 Qc6 31. Qxc5 Qxc5 32. Rxc5 Rd8 33. Ke2 Rd6 34. a4 Kf7 35. b5 axb5 36. Rxb5 h5 37. a5 Kg7 38. e4 Rd4 39. Ke3 Ra4 40. h3 Kf7 41. Kd3 h4 42. Ke3 Kg7 43. Rb7 Rxa5 44. Rxe7+ Kg8 45. Rd7 Ra2 46. Rd2 Ra3+ 47. Rd3 Ra2 48. Kf3 Kf7 49. Re3 Ra8 50. Kg4 Ra2 51. g3 hxg3 52. Kxg3 Ra1 53. Kf2 Ra2+ 54. Kf3 Ra1 55. Re2 Rf1+ 56. Kg3 Rg1+ 57. Kf2 Ra1 1/2-1/2

[Event "SVK-chT2B"]
[Site "Slovakia"]
[Date "1994.??.??"]
[Round "9"]
[White "Abel, Peter"]
[Black "Hrtko, Vladimir"]
[Result "1/2-1/2"]
[WhiteElo "2095"]
[BlackElo "2045"]
[PlyCount "49"]
[EventDate "1994.??.??"]
[Source "www.chesslib.no"]
[SourceDate "2004.05.04"]

1. f4 d5 2. Nf3 Nf6 3. e3 c5 4. d4 Nc6 5. c3 Bf5 6. Bd3 e6 7. O-O Be7 8. Ne5 O-O 9. h3 Bxd3 10. Nxd3 Ne4 11. Nd2 Nxd2 12. Bxd2 c4 13. Ne5 Qc7 14. e4 dxe4 15. Qe2 Nxe5 16. fxe5 Qc6 17. Rae1 Bh4 18. Rd1 f5 19. exf6 Rxf6 20. Qg4 Rg6 21. Qf4 Bf6 22. Rf2 Rf8 23. Rdf1 h6 24. g4 h5 25. g5 1/2-1/2

[Event "LLS_Haunst-Kriegsh_R8"]
[Site "?"]
[Date "2000.??.??"]
[Round "7"]
[White "Voss Michael"]
[Black "Rubke Manfred"]
[Result "1/2-1/2"]
[WhiteElo "1995"]
[BlackElo "2145"]
[PlyCount "32"]
[EventDate "2000.??.??"]
[Source "www.chesslib.no"]
[SourceDate "2004.05.04"]

1. f4 d5 2. Nf3 Nf6 3. e3 c5 4. d4 Nc6 5. c3 c4 6. b3 cxb3 7. axb3 e6 8. Bd3 Bd7 9. O-O Be7 10. Bb2 O-O 11. Nbd2 Rb8 12. e4 dxe4 13. Nxe4 Nxe4 14. Bxe4 Bf6 15. Ne5 Qc7 16. Qd3 g6 1/2-1/2

[Event "It (Men) Bridgetown"]
[Site "?"]
[Date "2005.05.02"]
[Round "9"]
[White "Suez Panama Gilles"]
[Black "Harewood Othneil"]
[Result "1-0"]
[WhiteElo "2057"]
[BlackElo "2052"]
[PlyCount "63"]
[EventDate "2005.??.??"]
[Source "www.chesslib.no"]
[SourceDate "2004.05.04"]

1. f4 d5 2. Nf3 Nf6 3. e3 c5 4. b3 Nc6 5. Bb5 Bd7 6. Bb2 e6 7. O-O Be7 8. Qe2 O-O 9. Bxc6 Bxc6 10. Ne5 d4 11. Nxc6 bxc6 12. e4 Qc7 13. d3 e5 14. f5 g6 15. Nd2 Nh5 16. Qg4 Kh8 17. Nc4 Nf4 18. g3 h5 19. Qd1 Nh3+ 20. Kg2 Ng5 21. f6 Bd8 22. Qd2 Nh7 23. Qh6 Rg8 24. Ba3 g5 25. Qxh5 Rg6 26. Bxc5 Bxf6 27. Bd6 Qd7 28. Rxf6 Rxf6 29. Bxe5 Qe6 30. Rf1 Kg8 31. Bxf6 Nxf6 32. Qxg5+ 1-0

[Event "Corr"]
[Site "?"]
[Date "1994.??.??"]
[Round "?"]
[White "Klofac Dimitrij"]
[Black "Halouzka Jiri"]
[Result "0-1"]
[WhiteElo "1945"]
[BlackElo "2155"]
[PlyCount "134"]
[EventDate "1994.??.??"]
[Source "www.chesslib.no"]
[SourceDate "2004.05.04"]

1. f4 d5 2. Nf3 Nf6 3. e3 c5 4. b3 e6 5. Bb2 Be7 6. c4 O-O 7. Nc3 b6 8. Qc2 Bb7 9. Bd3 h6 10. O-O Na6 11. a3 Nc7 12. Rad1 Qd6 13. Ne5 Rad8 14. Be2 d4 15. Na2 Nd7 16. exd4 cxd4 17. Nxd7 Rxd7 18. d3 Rc8 19. Qd2 f5 20. Bf3 Bxf3 21. Rxf3 g5 22. fxg5 Bxg5 23. Qf2 Be3 24. Rxe3 dxe3 25. Qxe3 f4 26. Qe4 Qc5+ 27. d4 Qg5 28. Rf1 Rf8 29. Qf3 h5 30. Nb4 Qg4 31. Nc6 Qxf3 32. Rxf3 Ne8 33. Ne5 Rg7 34. Bc1 Nd6 35. Bxf4 Nf5 36. Rd3 Nh4 37. Bg3 Ng6 38. Nf3 Rf5 39. Re3 h4 40. Bd6 h3 41. Bg3 hxg2 42. Kxg2 Nf4+ 43. Kf2 Rgf7 44. Bxf4 Rxf4 45. Kg3 R4f6 46. Ng5 Rg7 47. h4 Rgg6 48. Kg4 Kf8 49. b4 Rg7 50. c5 bxc5 51. bxc5 Rd7 52. Re4 Ke7 53. h5 Rd8 54. Kh4 Kd7 55. Rg4 Rh8 56. Nh3 Kc6 57. Nf4 Rf5 58. Nxe6 Rfxh5+ 59. Kg3 R5h6 60. Nf4 Kb5 61. Ng6 Rd8 62. Kf3 Rh3+ 63. Ke4 Rxa3 64. Ne7 Rxd4+ 65. Kxd4 Ra4+ 66. Kd5 Rxg4 67. c6 Rc4 0-1